| 000 | 00430nam a22001577a 4500 | ||
|---|---|---|---|
| 999 |
_c5503 _d5503 |
||
| 003 | OSt | ||
| 005 | 20190104160950.0 | ||
| 008 | 190104b ||||| |||| 00| 0 eng d | ||
| 040 | _cDLC | ||
| 082 |
_a277.12 _bL476A |
||
| 245 |
_aA "One Evening" Condensed Book and To the Eskimos / _cBy Gleason H. Ledyard. |
||
| 260 |
_aIllinois, USA : _bGood News Publishers, |
||
| 300 | _a64 p.: | ||
| 650 |
_aEskimos _xTestimony |
||
| 942 |
_2ddc _cBK |
||